000 00591nam a2200205Ia 4500
001 232
005 20251203123020.0
008 251203t2000||||xx |||||||||||||| ||spa||
041 _aESP
082 _aRT 912
_bE53
110 _aEmpresa Periodística Nacional
245 0 _aAtlas mundial explorando el planeta :
_bNational Geographic
260 _aLima :
_bEmpresa Periodística Nacional,
_c2000
300 _a174 páginas :
_b ilustraciones, mapas ;
_c 35 cm.
_e
440 _a
_n
_v
650 _aGEH
653 _aGeografía histórica; Atlas
654 _aCTP
942 _cLIB
_dJUS
_fTRC
_2ddc
_n
999 _c232
_d232